00424 2200157 4500001002100000005001500021035002000036245007300056100002000129250001700149300002800166260003400194082001000228084001600238650001200254INLIS00000000000061020240825073520 a0010-08240001281 aDongeng Pengantar Tidur :bKen Arok dan Ken Dedes /cTira Ikranegara0 aTira Ikranegara acetakan ke-1 a64 hlm :bIlus ;c21 cm aSurabaya :bSerba Jaya,c2008 a398.2 a398.2 TIR d 4aDongeng